| 000 | 00978nam a22002537a 4500 | ||
|---|---|---|---|
| 008 | 150713b xxu||||| |||| 00| 0 eng d | ||
| 020 | _a9780521182430 | ||
| 020 | _a9780521768771 | ||
| 041 | 0 | _aeng | |
| 080 | _a658.4 | ||
| 100 | _aMasson, Pascal Le ; Weil, Benoit ; Hatchuel, Armand ; | ||
| 240 | 1 | 0 |
_aProcessus d'innovation. _lEnglish |
| 245 | 1 | 0 |
_aStrategic management of innovation and design / _cPascal Le Masson, Benoit Weil, Armand Hatchuel ; foreword by Paul Rivier and Marc Maurer ; afterword by Jacques Lacambre and Dominique Levent ; translated from "Les processus d'innovation" by Alison Bissery and adapted by the authors. |
| 260 |
_aCambridge ; _aNew York : _bCambridge University Press, _c2010. |
||
| 300 |
_axxxv, 450 p. : _bme il. ; _c25 cm. |
||
| 505 | _aIndex : f. 438-450 | ||
| 650 | 0 | _aRisi | |
| 650 | 0 | _aTeknologji | |
| 650 | 0 | _aOrganizim | |
| 650 | 0 | _aEfektivitet | |
| 700 | 1 | _aWeil, BenoƮt | |
| 700 | 1 | _aHatchuel, Armand. | |
| 942 |
_2udc _cBK |
||
| 999 |
_c1110 _d1110 |
||